LotR: Eomer Quotes: Fill in the Blanks - Statistics

General Stats
  • This quiz has been taken 11 times
  • The average score is 6 of 12
Answer Stats
Answer % Correct
"There is trouble now on all our borders, and we are threatened; be we desire only to be {free}, and to live as we have lived, keeping our own, and serving no foreign lord, good or evil,"
100%
"Westu Theoden hal! It is a joy to us to see you return into your own. Never again shall it be said, {Gandalf}, that you come only with grief!"
89%
"Yet twice blessed is help unlooked for, and never was a meeting of {friends} more joyful."
67%
"Oft the unbidden {guest} proves the best company."
56%
"Since the day when you rose before me out of the green {grass} of the downs I have loved you, and that love shall not fail."
56%
"Will you parley with this dealer in treachery and murder? Remember {Theodred} at the Fords, and the grave of Hama in Helm's Deep!"
56%
"Strider is too poor a name, son of Arathorn. {Wingfoot} I name you. This deed of the three friends should be sung in many a hall."
44%
"This I know, and it is enough, that as my friend Aragorn succoured me and my people, so I will {aid} him when he calls. I will go."
44%
"Eowyn, Eowyn! Eowyn, how come you here? What madness or {devilry} is this? Death, death, death! Death take us all!"
33%
"Thus is the friendship of the Mark and of Gondor bound with a new bond, and the more do I {rejoice}."
33%
"Have we ridden forth to victory, only to stand at last amazed by an old {liar} with honey on his forked tongue?"
22%
"Need brooks no delay, yet late is better than never. And mayhap in this time shall the old {saw} be proved truer than ever before since men spoke with mouth."
11%
No matching quizzes found
Score Distribution
Percent of People with Each Score
Percentile by Number Answered
Your Score History
You have not taken this quiz